Le compte rendu
Čo je to referát - charakteristika, definícia. Ako zostaviť referát.
Gespeichert in:
| 1. Verfasser: | |
|---|---|
| Format: | Buchkapitel |
| Sprache: | Französisch |
| Schlagworte: | |
| Tags: |
Keine Tags, Fügen Sie das erste Tag hinzu!
|
MARC
| LEADER | 00000naa$a2200000$$$4500 | ||
|---|---|---|---|
| 001 | 0090398 | ||
| 005 | 20240502072017.7 | ||
| 041 | 0 | |a fre | |
| 044 | |a SK | ||
| 245 | 1 | 0 | |a Le compte rendu |c Iveta Rizeková |
| 520 | |a Čo je to referát - charakteristika, definícia. Ako zostaviť referát. | ||
| 610 | 2 | 0 | |a jazyky cudzie |
| 610 | 2 | 0 | |a literatúra |
| 610 | 2 | 0 | |a komunikácia |
| 610 | 2 | 0 | |a prejavy |
| 100 | 1 | |a Rizeková, Iveta, 1961- | |